000
00296nam a22001337a 4500
008
170927b xxu||||| |||| 00| 0 eng d
020
_a
9780073125497
041
_a
eng
080
_2
6 ED
_a
37
100
_a
47
101
_a
EDU
245
_a
PEAK PERFOMANCE
_c
FERRETT.SH.K
942
_2
udc
_c
BK
999
_c
30264
_d
30264